Statistics for Holden Cars by Picture

Click here to take the quiz!

General Stats

  • This quiz has been taken 132 times
  • The average score is 5 of 7

Answer Stats

Answer% Correct
Commodore
84%
Astra
83%
Colorado
81%
Trax
61%
Equinox
52%
Trailblazer
45%
Acadia
44%

Score Distribution

Percentile by Number Answered

Percent of People with Each Score

Your Score History

You have not taken this quiz